| 000 | 00951cam a2200301 a 4500 | ||
|---|---|---|---|
| 001 | 1981126 | ||
| 003 | OSt | ||
| 005 | 20250901165756.0 | ||
| 008 | 891024t19901988nyu 000 0aeng | ||
| 010 | _a 89026089 | ||
| 020 |
_a0671686216 : _c$8.95 |
||
| 040 |
_aDLC _cDLC _dDLC |
||
| 043 |
_an-us--- _an-us-pa |
||
| 050 | 0 | 0 |
_aPS 3563 .A3133 Z475 1990 _bZ475 1990 |
| 082 | 0 | 0 |
_a811/.54 _aB _220 |
| 100 | 1 | _aMcKain, David W. | |
| 245 | 1 | 0 |
_aSpellbound : _bgrowing up in God's country / _cDavid McKain. |
| 250 | _a1st Touchstone ed. | ||
| 260 |
_aNew York : _bSimon & Schuster, _c1990, c1988. |
||
| 300 |
_ax, 257 p. ; _c22 cm. |
||
| 500 | _a"A Touchstone book." | ||
| 600 | 1 | 0 |
_aMcKain, David W. _xChildhood and youth. |
| 650 | 0 |
_aPoets, American _y20th century _xBiography. |
|
| 651 | 0 |
_aPennsylvania _xSocial life and customs. |
|
| 906 |
_a7 _bcbc _corignew _d1 _eocip _f19 _gy-gencatlg |
||
| 942 |
_2lcc _cBK |
||
| 999 |
_c9104 _d9104 |
||